| 000 | 00355nam a22001337a 4500 | ||
|---|---|---|---|
| 003 | SGT | ||
| 020 | _a9789382676010 | ||
| 082 |
_a340.112 _bRAI |
||
| 100 | _aRAI ,KAILASH | ||
| 245 |
_aLEGAL ETHICS _bACCOUNTABILITY FOR LAWYERS AND BENCH BAR RELATIONS |
||
| 260 |
_aALLAHABAD _bCENTRAL LAW PUBLICATION _c2020 |
||
| 300 | _aXXIV , 440 | ||
| 942 |
_2ddc _cBK _073 |
||
| 999 |
_c22499 _d22499 |
||